Eros el dulce-amargo
Guardat en:
| Autor principal: | |
|---|---|
| Format: | Llibre |
| Idioma: | espanyol |
| Publicat: |
Buenos Aires
Fiordo
2015
|
| Edició: | 1a. ed |
| Matèries: | |
| Etiquetes: |
Afegir etiqueta
Sense etiquetes, Sigues el primer a etiquetar aquest registre!
|
MARC
| LEADER | 00000cam a2200000 a 4500 | ||
|---|---|---|---|
| 001 | UCD0361 | ||
| 003 | CL-VaPUC | ||
| 008 | 151127e20150000ag |||||||||||||||||spa|d | ||
| 020 | |a 9789874568830 | ||
| 082 | 0 | 4 | |a 880.935 |b CAR |2 21 |
| 100 | |a Carson, Anne |e autora |9 583347 | ||
| 245 | 1 | 0 | |a Eros el dulce-amargo |
| 250 | |a 1a. ed | ||
| 300 | |a 256 p | ||
| 942 | |c BK | ||
| 945 | |d 20151127 13:45:00 |a dcastane | ||
| 260 | |a Buenos Aires |b Fiordo |c 2015 | ||
| 650 | 7 | |a LITERATURA GRIEGA |2 CL-VaPUC |9 258054 | |
| 650 | 0 | |a Literatura griega clásica |9 435497 | |
| 650 | 7 | |a EROS |2 CL-VaPUC |9 562497 | |
| 650 | 0 | |a Amor |9 257817 | |
| 583 | |a last modification |c 20151127 13:45:00 |k Rodrigo Vera | ||
| 999 | |c 361926 |d 361924 | ||
| 952 | |0 0 |1 0 |3 erb |4 0 |6 880_935000000000000_CAR_2015 |7 0 |8 A |9 472674 |a BIBART |b BIBART |i 525230K |l 4 |m 2 |o 880.935 CAR 2015 |p 525230K |r 2025-03-13 |s 2023-09-08 |w 2019-11-24 |y BK |z Catalogado en:20151127 |k ART | ||